|
|
|
|
| LEADER |
00000cam a2200000 7i4500 |
| 001 |
0000000786 |
| 005 |
20011204.0 |
| 020 |
0 |
0 |
|a 967960036X
|
| 090 |
0 |
0 |
|a 338.170959501
|b MAL 1993
|
| 245 |
0 |
0 |
|a MALAYSIAN agricultural commodity forecasting and policy modelling
|c edited by Fatimah Mohd. Arshad, Mad Nasir Shamsudin, Mohd. Shahwahid Hj. Othman
|
| 260 |
0 |
0 |
|a Serdang, Selangor :
|b Pusat Kajian Dasar Pertanian ,
|c 1993
|
| 300 |
|
|
|a vi, 197 p. ;
|c 23 cm.
|
| 500 |
0 |
0 |
|a Includes bibliographical references
|
| 650 |
0 |
0 |
|a Agriculture and state
|z Malaysia
|x Forecasting
|
| 650 |
0 |
0 |
|a Farm produce
|z Malaysia
|x Economic models
|
| 650 |
0 |
0 |
|a Farm produce
|z Malaysia
|x Forecasting
|
| 700 |
0 |
1 |
|a Fatimah Mohd. Arshad
|
| 700 |
0 |
1 |
|a Mad Nasir b. Hj. Shamsudin
|
| 700 |
0 |
1 |
|a Mohd Shahwahid Hj Othman
|
| 998 |
|
|
|a JPSM
|
| 999 |
|
|
|a 0000000092
|b Monograph
|c Open Shelf
|e Default branch
|